<?xml version="1.0" encoding="UTF-8"?>
<record
    xmlns:xsi="http://www.w3.org/2001/XMLSchema-instance"
    xsi:schemaLocation="http://www.loc.gov/MARC21/slim http://www.loc.gov/standards/marcxml/schema/MARC21slim.xsd"
    xmlns="http://www.loc.gov/MARC21/slim">

  <leader>01159nam0a22003011  4500</leader>
  <controlfield tag="001">v19\rc\1932650</controlfield>
  <controlfield tag="005">20251118180740.6</controlfield>
  <datafield tag="035" ind1=" " ind2=" ">
    <subfield code="a">(NLR Aleph) 005017668</subfield>
  </datafield>
  <datafield tag="090" ind1=" " ind2=" ">
    <subfield code="a">6555255</subfield>
    <subfield code="c">6555255</subfield>
  </datafield>
  <datafield tag="100" ind1=" " ind2=" ">
    <subfield code="a">20251123              rusy50        </subfield>
  </datafield>
  <datafield tag="101" ind1="0" ind2=" ">
    <subfield code="a">rus</subfield>
  </datafield>
  <datafield tag="102" ind1=" " ind2=" ">
    <subfield code="a">RU</subfield>
  </datafield>
  <datafield tag="105" ind1=" " ind2=" ">
    <subfield code="a">y   z   |||||</subfield>
  </datafield>
  <datafield tag="200" ind1="1" ind2=" ">
    <subfield code="a">&#x41D;&#x43E;&#x440;&#x434;-&#x43E;&#x441;&#x442;&#x44B; &#x432; &#x41D;&#x43E;&#x432;&#x43E;&#x440;&#x43E;&#x441;&#x441;&#x438;&#x439;&#x441;&#x43A;&#x435; &#x438; &#x431;&#x435;&#x434;&#x441;&#x442;&#x432;&#x438;&#x44F; &#x43F;&#x442;&#x438;&#x446;</subfield>
    <subfield code="f">&#x418;. &#x420;&#x430;&#x43A;&#x43E;&#x432;&#x438;&#x447;</subfield>
  </datafield>
  <datafield tag="210" ind1=" " ind2=" ">
    <subfield code="a">&#x421;&#x430;&#x43D;&#x43A;&#x442;-&#x41F;&#x435;&#x442;&#x435;&#x440;&#x431;&#x443;&#x440;&#x433;</subfield>
    <subfield code="c">&#x442;&#x438;&#x43F;. "&#x412;&#x43E;&#x441;&#x445;&#x43E;&#x434;"</subfield>
    <subfield code="d">1912</subfield>
  </datafield>
  <datafield tag="215" ind1=" " ind2=" ">
    <subfield code="a">15 &#x441;.</subfield>
    <subfield code="d">21</subfield>
  </datafield>
  <datafield tag="311" ind1=" " ind2=" ">
    <subfield code="a">&#x41E;&#x442;&#x442;. &#x438;&#x437; &#x43A;&#x43D;. &#x420;&#x430;&#x43A;&#x43E;&#x432;&#x438;&#x447;, &#x418;.&#x424;. &#x41E; &#x427;&#x435;&#x440;&#x43D;&#x43E;&#x43C;&#x43E;&#x440;&#x441;&#x43A;&#x43E;&#x43C; &#x43F;&#x43E;&#x431;&#x435;&#x440;&#x435;&#x436;&#x44C;&#x435;</subfield>
  </datafield>
  <datafield tag="488" ind1=" " ind2="0">
    <subfield code="1">2001#$a&#x41E; &#x427;&#x435;&#x440;&#x43D;&#x43E;&#x43C;&#x43E;&#x440;&#x441;&#x43A;&#x43E;&#x43C; &#x43F;&#x43E;&#x431;&#x435;&#x440;&#x435;&#x436;&#x44C;&#x435;</subfield>
    <subfield code="1">700#1$a&#x420;&#x430;&#x43A;&#x43E;&#x432;&#x438;&#x447;$b&#x418;.&#x424;.$g&#x418;&#x432;&#x430;&#x43D; &#x424;&#x435;&#x434;&#x43E;&#x440;&#x43E;&#x432;&#x438;&#x447;</subfield>
    <subfield code="t">&#x41E; &#x427;&#x435;&#x440;&#x43D;&#x43E;&#x43C;&#x43E;&#x440;&#x441;&#x43A;&#x43E;&#x43C; &#x43F;&#x43E;&#x431;&#x435;&#x440;&#x435;&#x436;&#x44C;&#x435;</subfield>
    <subfield code="a">&#x420;&#x430;&#x43A;&#x43E;&#x432;&#x438;&#x447;, &#x418;&#x432;&#x430;&#x43D; &#x424;&#x435;&#x434;&#x43E;&#x440;&#x43E;&#x432;&#x438;&#x447;</subfield>
  </datafield>
  <datafield tag="700" ind1=" " ind2="1">
    <subfield code="a">&#x420;&#x430;&#x43A;&#x43E;&#x432;&#x438;&#x447;</subfield>
    <subfield code="b">&#x418;.&#x424;.</subfield>
    <subfield code="g">&#x418;&#x432;&#x430;&#x43D; &#x424;&#x435;&#x434;&#x43E;&#x440;&#x43E;&#x432;&#x438;&#x447;</subfield>
  </datafield>
  <datafield tag="801" ind1=" " ind2="0">
    <subfield code="a">RU</subfield>
    <subfield code="b">NLR</subfield>
    <subfield code="g">psbo</subfield>
  </datafield>
  <datafield tag="801" ind1=" " ind2="0">
    <subfield code="a">RU</subfield>
    <subfield code="b">RuMoRGB</subfield>
    <subfield code="2">psbo</subfield>
  </datafield>
  <datafield tag="801" ind1=" " ind2="1">
    <subfield code="a">RU</subfield>
    <subfield code="b">ProSoft-M</subfield>
    <subfield code="2">rusmarc</subfield>
  </datafield>
  <datafield tag="852" ind1=" " ind2=" ">
    <subfield code="a">NLR</subfield>
    <subfield code="j">18.286.8.156</subfield>
  </datafield>
  <datafield tag="899" ind1=" " ind2=" ">
    <subfield code="a">RuMoRGB</subfield>
    <subfield code="j">F 102/672</subfield>
  </datafield>
  <datafield tag="899" ind1=" " ind2=" ">
    <subfield code="a">RuMoRGB</subfield>
    <subfield code="j">U 269/37</subfield>
  </datafield>
  <datafield tag="899" ind1=" " ind2=" ">
    <subfield code="a">&#x411;&#x410;&#x41D;</subfield>
  </datafield>
  <datafield tag="942" ind1=" " ind2=" ">
    <subfield code="c">BOOK</subfield>
  </datafield>
  <datafield tag="980" ind1=" " ind2=" ">
    <subfield code="a">NB</subfield>
  </datafield>
  <datafield tag="995" ind1=" " ind2=" ">
    <subfield code="5">2013-10-26</subfield>
    <subfield code="b">NLR02</subfield>
    <subfield code="c">NLR02</subfield>
    <subfield code="e">RFS</subfield>
    <subfield code="f">5017668-10</subfield>
    <subfield code="k">18.286.8.156</subfield>
    <subfield code="o">0</subfield>
    <subfield code="r">BOOK</subfield>
    <subfield code="s">182868156_</subfield>
  </datafield>
  <datafield tag="995" ind1=" " ind2=" ">
    <subfield code="5">2013-10-26</subfield>
    <subfield code="b">NLR01</subfield>
    <subfield code="c">NLR01</subfield>
    <subfield code="e">TEMP</subfield>
    <subfield code="f">5017668-40</subfield>
    <subfield code="o">0</subfield>
    <subfield code="r">BOOK</subfield>
  </datafield>
</record>
